00321nam a22000977a 4500008004100000082001600041100004100057245006700098260004900165300000900214230623b xxu||||| |||| 00| 0 eng d a328.93bIPU cInter-parliamentary Conferenced1989 aSummary Records of the LXXXIInd Inter-parliamentary Conference aLondonbInter-parliamentary Conferencec1989 a292p